Letters of the Alphabet by Numbers Quiz - Statistics

General Stats
  • This quiz has been taken 103 times
  • The average score is 25 of 26
Answer Stats
Hint Answer % Correct
9 I
100%
16 P
100%
20 T
100%
1 A
99%
3 C
99%
5 E
99%
10 J
99%
13 M
99%
23 W
99%
24 X
99%
26 Z
99%
6 F
97%
7 G
97%
8 H
97%
12 L
97%
17 Q
97%
18 R
97%
19 S
97%
21 U
97%
22 V
97%
25 Y
97%
2 B
96%
4 D
96%
11 K
96%
14 N
96%
15 O
96%
No matching quizzes found
Score Distribution
Percent of People with Each Score
Percentile by Number Answered
Your Score History
You have not taken this quiz